000 00524cam a22001577a 4500
008 180718b1976 xxu||||| |||| 00| 0 eng d
082 _aA6x541 M363/1
100 _aMartin, Montgomery
245 _aThe history, antiquities, topography and statistics of Estern India
_cby Montgomery Martin
260 _aDelhi
_bCosmo
_c1976
300 _aV1, vi,560p.
500 _aV1- Behar (Patna city) and Shahabad
650 _aIndia --Social life and customs.
650 _aIndia --History
650 _aIndia --Description and travel
999 _c412375
_d412375